El clima está en nuestra manos: historia del calentamiento global
সংরক্ষণ করুন:
| প্রধান লেখক: | |
|---|---|
| বিন্যাস: | গ্রন্থ |
| ভাষা: | স্প্যানিশ |
| প্রকাশিত: |
Ciudad de México
Santillana
2007
|
| সংস্করন: | 1a. ed |
| মালা: | Taurus Minor
|
| বিষয়গুলি: | |
| ট্যাগগুলো: |
ট্যাগ যুক্ত করুন
কোনো ট্যাগ নেই, প্রথমজন হিসাবে ট্যাগ করুন!
|
MARC
| LEADER | 00000nam a2200000 a 4500 | ||
|---|---|---|---|
| 001 | UCH4465 | ||
| 003 | CL-VaPUC | ||
| 008 | 090820e20070000MX |||||||||||||||||spa|d | ||
| 020 | |a 9789705802591 | ||
| 082 | 0 | 4 | |a 551.523 |b FLA |2 21 |
| 100 | 0 | |a Flannery, Tim |e author |9 539989 | |
| 245 | 1 | 3 | |a El clima está en nuestra manos: historia del calentamiento global |
| 250 | |a 1a. ed | ||
| 300 | |a 289 p | ||
| 942 | |c BK | ||
| 945 | |d 20090820 00:00:00 |a rbrito | ||
| 260 | |a Ciudad de México |b Santillana |c 2007 | ||
| 650 | 0 | |a Calentamiento global |9 262148 | |
| 650 | 0 | |a Atmósfera |9 261875 | |
| 650 | 7 | |a EFECTO INVERNADERO |2 CL-VaPUC |9 466455 | |
| 650 | 0 | |a Cambio climático |9 428490 | |
| 650 | 0 | |a Climatología |9 262302 | |
| 650 | 7 | |a CAPA DE OZONO |2 CL-VaPUC |9 427635 | |
| 583 | |a last modification |c 20090820 00:00:00 |k Rodrigo Vera | ||
| 490 | 0 | |a Taurus Minor | |
| 999 | |c 335778 |d 335776 | ||
| 952 | |0 0 |1 0 |4 0 |6 551_523000000000000_FLA_2007 |7 0 |8 A |9 426493 |a BIBAGR |b BIBAGR |d 2019-11-22 |i 4590244 |l 3 |o 551.523 FLA 2007 |p 4590244 |r 2025-01-20 |s 2024-09-09 |w 2019-11-22 |y BK |k AGR | ||